000
00311nam a22001457a 4500
008
210507b ||||| |||| 00| 0 eng d
020
_a
9780538436823
041
_a
eng
080
_a
33
082
_a
33
100
_a
53
101
_a
BIZ
245
_a
Business Communications
_c
Tom Means
942
_2
udc
_c
BK
999
_c
57121
_d
57121